A is for...? - Statistics

General Stats
  • This quiz has been taken 30 times
  • The average score is 13 of 26
Answer Stats
Hint Answer % Correct
B is for... bag / ball / banana / beater / bee / bed / bike / bird / boat / bud / bun / bus / butterfly / book
100%
C is for... camera / can / cap / carrot / cat / cloud / cob / cog / corn / cot / cup
100%
A is for... alligator / anaconda / ant / apple / axe
95%
D is for... daisy / dart / deer / desk / dinosaur / dog / doll / donut / door / dragon / duck
86%
E is for... eagle / earth / egg / elbow / elephant
86%
F is for... fan / feather / fig / fin / fish / foot / fork / fox
67%
H is for... ham / hammer / hand / hat / helicopter / hem / hen / hip / hoe / hog / house
67%
K is for... kangaroo / keg / key / kid / king / kitchen / kite / kiwi / knight / koala
67%
J is for... jacks / jam / jeans / jeep / jet / jug / jump
52%
L is for... ladder / leg / lemon / lid / light / lion / lip / lobster / log
52%
M is for... mad / map / mail / maracas / man / moose / moon / mop / mouse / mud
52%
Z is for... zebra / zebra / zero / zipper / zither / zoo
52%
P is for... pan / peg / pen / pig / pin / pod / post / pup
48%
Q is for... quail / quarter / queen / quilt
48%
G is for... garage / gas / gears / goat / gorilla / guitar / gum
43%
I is for... ice / igloo / Indian / island
43%
O is for... officer / orange / owl
43%
R is for... rabbit / radio / rag / rain / rake / rat / red / rib / rocket / rod / rose / rug
43%
X is for... Xmas / xylograph / xylophone / Xray
43%
N is for... nose / net / nail / needle / nest / newspaper / nine / nose / numbers / nut
33%
T is for... tag / tambourine / tan / telephone / ten / tent / tiger / tin / tomato / top / tower / train / tub
33%
W is for... wagon / water / web / wig / windmill
24%
U is for... unicorn / uniform
14%
V is for... vase / video / violin / volcano / valentine
10%
Y is for... yak / yarn / yoyo / yam
10%
S is for... sail / saw / sod / sea / seven / six / star / submarine / sun
5%
No matching quizzes found
Score Distribution
Percent of People with Each Score
Percentile by Number Answered
Your Score History
You have not taken this quiz